Biblioteca

Evangelicals and science in historical perspective (Registro nro. 64145)

Detalles MARC
000 -LÍDER
Campo fijo de descripción fija 02081cam a2200565 a 4500
001 - NÚMERO DE CONTROL
Campo de control 2125272
003 - IDENTIFICADOR DEL NÚMERO DE CONTROL
Campo de control CO-MdFUSB
005 - FECHA Y HORA DE LA ULTIMA TRANSACCIÓN
control field 20180824115510.0
008 - ELEMENTOS DE LONGITUD FIJA -- INFORMACIÓN GENERAL
Campo fijo de descripción fija -- Información general 970528t19991998enk g b 001 0 eng
010 ## - NÚMERO DE CONTROL DE LA BIBLIOTECA DEL CONGRESO
Número de control LC 97024739
020 ## - NÚMERO INTERNACIONAL NORMALIZADO PARA LIBROS
Número Internacional Normalizado del libro 0195115570 (cloth)
040 ## - FUENTE DE CATALOGACIÓN
Agencia de catalogación original DLC
Agencia que realiza la transcripción CO-MdFUSB
Agencia que realiza la modificación CO-MdFUSB
Idioma de catalogación spa
Convenciones de la descripción rda
041 ## - CÓDIGO DE IDIOMA
Código de idioma para texto/pista de sonido o título separado eng
082 00 - NÚMERO DE CLASIFICACIÓN DECIMAL DEWEY
Número de la edición del Dewey 21
Número de clasificación G 261.55
Clave de autor-Numero de item EV92e
242 00 - TRADUCCIÓN DEL TÍTULO POR AGENCIA CATALOGADORA
Título Evangélicos y ciencia en perspectiva histórica
Idioma del título original Inglés
245 00 - TÍTULO
Título del Material Evangelicals and science in historical perspective
Mención de responsabilidad, etc. / editado por David N. Livingstone, D.G. Hart, Mark A. Noll.
264 #1 - PRODUCCIÓN, PUBLICACIÓN, DISTRIBUCIÓN, MANUFACTURA, Y COPYRIGHT
Lugar de producción, publicación, distribución, manufactura New York :
Nombre del productor, publicador, distribuidor Oxford University Press,
Fecha de producción, publicación, distribución, manufactura, o copyright ℗1999.
264 #4 - PRODUCCIÓN, PUBLICACIÓN, DISTRIBUCIÓN, MANUFACTURA, Y COPYRIGHT
Fecha de producción, publicación, distribución, manufactura, o copyright ©1999
300 ## - DESCRIPCIÓN FÍSICA
Extensión vi, 351 páginas ;
Dimensiones 24 cm.
Otros detalles físicos :
336 ## - TIPO DE CONTENIDO
Fuente rdacontent
Término de tipo de contenido texto
Código de tipo de contenido txt
337 ## - TIPO DE MEDIO
Fuente rdamedia
Nombre del tipo de medio sin mediación
Código del tipo de medio n
338 ## - TIPO DE SOPORTE
Fuente rdacarrier
Nombre del tipo de soporte volumen
Código Tipo de soporte nc
490 1# - MENCIÓN DE SERIE
Mención de serie Religion in America series
501 ## - NOTA DE “CON”
Nota de Contenido Incluye índice (p. 341- 351)
505 ## - NOTA DE CONTENIDO
Nota de contenido con formato preestablecido Parte I / Vista general -- Parte II / Orientaciones -- Parte III / Enfrentamientos teológicos -- Parte IV / Encuentros específicos -- Parte V / Dominios más ampliosos
650 #7 - ASIENTO SECUNDARIO DE MATERIA - TERMINO TEMÁTICO
Término temático o nombre geográfico como elemento de entrada Religión y ciencia
Subdivisión general Historia
9 (RLIN) 387
650 #0 - ASIENTO SECUNDARIO DE MATERIA - TERMINO TEMÁTICO
Término temático o nombre geográfico como elemento de entrada Protestantismo
9 (RLIN) 947
700 1# - ASIENTO SECUNDARIO - NOMBRE PERSONAL
Nombre personal Livingstone, David N.,
Fechas asociadas con el nombre 1953-
Responsabilidad editor
700 1# - ASIENTO SECUNDARIO - NOMBRE PERSONAL
Nombre personal Hart, D. G.
Fuller form of name (Darryl G.)
Responsabilidad editor
700 1# - ASIENTO SECUNDARIO - NOMBRE PERSONAL
Nombre personal Noll, Mark A.,
Fechas asociadas con el nombre 1946-
Responsabilidad editor
720 ## - ASIENTO SECUNDARIO - NOMBRE NO CONTROLADO
Nombre Brooke, John Hedley
720 ## - ASIENTO SECUNDARIO - NOMBRE NO CONTROLADO
Nombre Morgan, John
720 ## - ASIENTO SECUNDARIO - NOMBRE NO CONTROLADO
Nombre Davis, Edward B.
720 ## - ASIENTO SECUNDARIO - NOMBRE NO CONTROLADO
Nombre Bebbington, David W.
720 ## - ASIENTO SECUNDARIO - NOMBRE NO CONTROLADO
Nombre Topham, Jonathan R.
720 ## - ASIENTO SECUNDARIO - NOMBRE NO CONTROLADO
Nombre Stiling, Rodney L.
720 ## - ASIENTO SECUNDARIO - NOMBRE NO CONTROLADO
Nombre Moore, James
720 ## - ASIENTO SECUNDARIO - NOMBRE NO CONTROLADO
Nombre Numbers, Ronald L.
720 ## - ASIENTO SECUNDARIO - NOMBRE NO CONTROLADO
Nombre Eskridge, Larry
720 ## - ASIENTO SECUNDARIO - NOMBRE NO CONTROLADO
Nombre Guelzo, Allen C.
720 ## - ASIENTO SECUNDARIO - NOMBRE NO CONTROLADO
Nombre Gauvreau, Michael
720 ## - ASIENTO SECUNDARIO - NOMBRE NO CONTROLADO
Nombre Christie, Nancy
720 ## - ASIENTO SECUNDARIO - NOMBRE NO CONTROLADO
Nombre Marsden, George
830 #0 - PUNTO DE ACCESO ADICIONAL DE SERIE - TÍTULO UNIFORME
Título uniforme Religion in America series (Oxford University Press)
906 ## - LOCAL DATA ELEMENT F, LDF (RLIN)
a 7
b cbc
c orignew
d 1
e ocip
f 19
g y-gencatlg
942 ## - TIPO DE MATERIAL (KOHA)
Tipo de Item KOHA Libros General
Existencias
Estado de Material Estado de Perdido Forma de Clasificación Estado de Dañado No para Préstamo Colección Biblioteca de Origen Biblioteca Permanente Fecha de Adquisición Total de Préstamos Signatura Topográfica Código de Barras Última vez visto Ejemplar/Existencia Fecha de Remplazo Tipo de Material
    Dewey Decimal Classification     Colección General Biblioteca FUSBC Biblioteca FUSBC 07/12/2017   G 261.55 EV92e 1903 12/12/2019 Ej. 1 07/12/2017 Libros General

Biblioteca FUSBC | Teléfono: (57+4) 349 88 10 Ext. 141| WhatsApp (+57) 3005338115 
E-mail: biblioteca@unisbc.edu.co | Calle 76 87-14 Robledo Palenque, Medellín, Colombia

Con tecnología Koha